| 000 | | | 03592nmc2a22002413x 450 |
| 001 | | | ec0ccc69-fbf9-49ae-a54b-96f30e2ac28e |
| 005 | | | 20221207191608.0 |
| 100 | ## | $a | 20220729l18251826k l0rusy0189 ca |
| 101 | 0# | $a | rus |
| 102 | ## | $a | RU |
| 105 | ## | $a | y### |
| 122 | 2# | $a | d |
| 200 | 1# | $a | Дело о производстве по всем местам, по ведомству Гоф-интендантской конторы принадлежащим, мостовых работ и о вымощении откосов на Каменном острове |
| | $j | 16 апреля 1825 г. - 17 марта 1826 г. |
| 215 | ## | $a | 281 л. |
| | $d | 36,5х26 см |
| 251 | ## | $c | Дело |
| 300 | ## | $a | Дело |
| 371 | ## | $a | Документ не является опубликованным и широко распространяемым |
| 461 | #0 | $1 | 001625a9a7e-a890-4307-a7fe-826a2289a412 |
| | $1 | 2001 |
| | $a | Гоф-интенданская контора Министерства императорского двора |
| | $1 | 251 |
| | $c | Фонд |
| | $1 | 852 |
| | $j | 470 |
| 462 | #0 | $1 | 001320e7db8-3bd4-4020-be0b-720c9a27c9ec |
| | $1 | 2001 |
| | $a | О мостовых и тротуарах |
| | $1 | 251 |
| | $c | Опись |
| | $1 | 852 |
| | $j | 1 |
| | $l | 98-532 |
| 801 | #0 | $a | RU |
| | $b | РГИА |
| | $c | 20220729 |
| | $g | RCR |
| 801 | #1 | $a | RU |
| | $b | ГлавНИВЦ |
| | $c | 20220729 |
| | $2 | rusmarc |
| 801 | #2 | $a | RU |
| | $b | ПБ им. Б.Н. Ельцина |
| | $c | 20221207 |
| | $g | RCR |
| | $2 | rusmarc |
| 850 | ## | $a | РГИА |
| 852 | ## | $a | РГИА |
| | $e | Федеральное казенное учреждение "Российский государственный исторический архив" (РГИА) |
| | $j | 18 |
| 937 | ## | $h | РГИА |
| | $d | 12390151 |
| | $a | ASBIBLIO_SCAN |
| 035 | ## | $a | RusGRCC00049862 |
| 856 | ## | $u | http://readingroom.main.prlib.ru/item.aspx?id_node=n181379339&mode=full |